NOS4A2. Season 2 / AMC presents ; created for ... Read More
Available copies
- 1 of 1 copy available at LARL/NWRL Consortium.
- 1 of 1 copy available at Lake Agassiz Regional Library. (Show preferred library)
Current holds
0 current holds with 1 total copy.
Show Only Available Copies
| Location | Call Number / Copy Notes | Barcode | Shelving Location | Status | Due Date |
|---|---|---|---|---|---|
| Breckenridge Public Library | DVD NOS (Text) | 33500013300553 | Main | Available | - |
Record details
- Physical Description: 3 videodiscs (453 min.) : sound, color ; 4 3/4 in.
- Publisher: Chatsworth, CA : AMC Studios, RLJ Entertainment, [2020]
Content descriptions
| General Note: | Title from disc surface. Originally broadcast as single episodes of a television program in 2020. Based on the bestselling novel by Joe Hill. Wide screen. Special features: a look at Season 2 ; Catching up with the characters ; Origin of Charlie Manx ; ... Read More |
| Participant or Performer Note: | Ashleigh Cummings, Zachary Quinto, Ólafur Darri ... Read More |
| Summary, etc.: | After eight years on life-support, Charlie Manx ... Read More |
| Target Audience Note: | Rating: Not rated. |
| System Details Note: | DVD, wide screen 16:9, Dolby digital 5.1. |
Search for related items by subject
| Subject: | Kidnapping > Drama. Vampires > Drama. Missing children > Drama. Kidnapping. Missing children. Vampires. |
Search for related items by series
| LDR | 03969cgm a2200889 i 4500 | ||
|---|---|---|---|
| 001 | 351851 | ||
| 003 | LARL_NWRL_CONSORTIUM | ||
| 005 | 20201119175839.0 | ||
| 008 | 200824s2020 cau453 vleng d | ||
| 007 | vd cvaizq | ||
| 040 | . | ‡aTEFMT ‡beng ‡erda ‡cTEFMT ‡dTEF ‡dOCLCF ‡dGK8 ‡dIKG ‡dIGA ‡dUAP ‡dINO | |
| 024 | 1 | . | ‡a014381131284 |
| 028 | 4 | 2. | ‡aAMC13128DVD ‡bAMC |
| 035 | . | ‡a(OCoLC)1190659427 | |
| 037 | . | ‡bMidwest Tape ‡nhttp://www.midwesttapes.com | |
| 041 | 0 | . | ‡aeng ‡peng ‡heng |
| 082 | 0 | 4. | ‡a791.45/75 ‡223 |
| 130 | 0 | . | ‡aNOS4A2 (Television program). ‡nSeason 2. |
| 245 | 1 | 0. | ‡aNOS4A2. ‡pSeason 2 / ‡cAMC presents ; created for television by Jami O'Brien. |
| 246 | 3 | . | ‡aNOS4A2. ‡pSeason two |
| 246 | 3 | . | ‡aNosferatu. ‡pSeason 2 |
| 257 | . | ‡aUnited States ‡2naf | |
| 264 | 1. | ‡aChatsworth, CA : ‡bAMC Studios, RLJ Entertainment, ‡c[2020] | |
| 300 | . | ‡a3 videodiscs (453 min.) : ‡bsound, color ; ‡c4 3/4 in. | |
| 336 | . | ‡atwo-dimensional moving image ‡btdi ‡2rdacontent | |
| 337 | . | ‡avideo ‡bv ‡2rdamedia | |
| 338 | . | ‡avideodisc ‡bvd ‡2rdacarrier | |
| 344 | . | ‡adigital ‡2rdatr | |
| 344 | . | ‡boptical ‡2rdarm | |
| 344 | . | ‡gsurround ‡2rdacpc | |
| 344 | . | ‡hDolby digital 5.1 | |
| 347 | . | ‡avideo file ‡2rdaft | |
| 347 | . | ‡bDVD video | |
| 380 | . | ‡aTelevision programs ‡2lcgft | |
| 490 | 0 | . | ‡aNOS4A2 ; ‡vSeason 2 |
| 538 | . | ‡aDVD, wide screen 16:9, Dolby digital 5.1. | |
| 532 | 1 | . | ‡aSubtitled for the deaf and hard of hearing (SDH). |
| 500 | . | ‡aTitle from disc surface. | |
| 511 | 1 | . | ‡aAshleigh Cummings, Zachary Quinto, Ólafur Darri Ólafsson, Jahkara J. Smith, Ebon Moss-Bachrach, Virginia Kull, Ashley Romans, Jonathan Langdon, Mattea Conforti. |
| 500 | . | ‡aOriginally broadcast as single episodes of a television program in 2020. | |
| 500 | . | ‡aBased on the bestselling novel by Joe Hill. | |
| 500 | . | ‡aWide screen. | |
| 521 | 8 | . | ‡aRating: Not rated. |
| 520 | . | ‡aAfter eight years on life-support, Charlie Manx finally dies and the news hits Vic hard; she can't believe it's over... and with good reason. Soon Manx is back and desperate for revenge against the woman who put him in critical condition, and her whole family -- but especially her son -- is under threat. Allies new and old on both sides are ready to battle for the future. | |
| 500 | . | ‡aSpecial features: a look at Season 2 ; Catching up with the characters ; Origin of Charlie Manx ; Comic-Con@Home panel. | |
| 650 | 0. | ‡aKidnapping ‡vDrama. ‡0(LARL_NWRL_CONSORTIUM)169824 | |
| 650 | 0. | ‡aVampires ‡vDrama. | |
| 650 | 0. | ‡aMissing children ‡vDrama. | |
| 650 | 7. | ‡aKidnapping. ‡2fast ‡0(LARL_NWRL_CONSORTIUM)24027 | |
| 650 | 7. | ‡aMissing children. ‡2fast ‡0(LARL_NWRL_CONSORTIUM)178679 | |
| 650 | 7. | ‡aVampires. ‡2fast ‡0(LARL_NWRL_CONSORTIUM)178684 | |
| 655 | 7. | ‡aDrama. ‡2fast | |
| 655 | 7. | ‡aHorror television programs. ‡2fast ‡0(LARL_NWRL_CONSORTIUM)175716 | |
| 655 | 7. | ‡aTelevision programs. ‡2fast ‡0(LARL_NWRL_CONSORTIUM)175822 | |
| 655 | 7. | ‡aVideo recordings for the hearing impaired. ‡2fast ‡0(LARL_NWRL_CONSORTIUM)175744 | |
| 655 | 7. | ‡aHorror television programs. ‡2lcgft ‡0(LARL_NWRL_CONSORTIUM)175716 | |
| 655 | 7. | ‡aThrillers (Television programs) ‡2lcgft ‡0(LARL_NWRL_CONSORTIUM)175790 | |
| 655 | 7. | ‡aVampire television programs. ‡2lcgft ‡0(LARL_NWRL_CONSORTIUM)175751 | |
| 655 | 7. | ‡aFantasy television programs. ‡2lcgft ‡0(LARL_NWRL_CONSORTIUM)175667 | |
| 655 | 7. | ‡aFiction television programs. ‡2lcgft ‡0(LARL_NWRL_CONSORTIUM)175627 | |
| 655 | 7. | ‡aTelevision series. ‡2lcgft ‡0(LARL_NWRL_CONSORTIUM)175797 | |
| 655 | 7. | ‡aTelevision adaptations. ‡2lcgft ‡0(LARL_NWRL_CONSORTIUM)175702 | |
| 655 | 7. | ‡aVideo recordings for the hearing impaired. ‡2lcgft ‡0(LARL_NWRL_CONSORTIUM)175744 | |
| 700 | 1 | . | ‡aO'Brien, Jami, ‡ecreator. |
| 700 | 1 | . | ‡aCummings, Ashleigh, ‡d1992- ‡eactor. |
| 700 | 1 | . | ‡aQuinto, Zachary, ‡eactor. ‡0(LARL_NWRL_CONSORTIUM)212926 |
| 700 | 0 | . | ‡aÓlafur Darri Ólafsson, ‡eactor. |
| 700 | 1 | . | ‡aSmith, Jahkara J., ‡eactor. |
| 700 | 1 | . | ‡aMoss-Bachrach, Ebon, ‡eactor. ‡0(LARL_NWRL_CONSORTIUM)214577 |
| 700 | 1 | . | ‡aKull, Virginia, ‡eactor. |
| 700 | 1 | . | ‡aRomans, Ashley, ‡eactor. |
| 700 | 1 | . | ‡aLangdon, Jonathan, ‡d1986- ‡eactor. |
| 700 | 1 | . | ‡aConforti, Mattea, ‡d2006- ‡eactor. |
| 700 | 1 | . | ‡iTelevision adaptation of (work) : ‡aHill, Joe. ‡tNOS4A2. |
| 710 | 2 | . | ‡aImage Entertainment (Firm), ‡epublisher. ‡0(LARL_NWRL_CONSORTIUM)139633 |
| 901 | . | ‡a351851 ‡bOCoLC ‡c351851 ‡tbiblio ‡soclc | |

Add to basket
Permalink
Disable Highlighting